000 00303nam a22001337a 4500
008 181010b xxu||||| |||| 00| 0 eng d
020 _a9780534169923
041 _aeng
080 _23rd
_a159.9
100 _a48
101 _aPSI
245 _aDevelopmental Psychology
_cShaffer,D.R
942 _2udc
_cBK
999 _c49304
_d49304